[Event "Guimaraes op"]
[Site "Guimaraes"]
[Date "2017.09.03"]
[Round "3"]
[White "Constantino, Gudlack"]
[Black "Machado, Carlos"]
[Result "0-1"]
[WhiteElo "1987"]
[BlackElo "1715"]
[PlyCount "70"]
[EventDate "2017.09.02"]
[EventType "swiss"]
[EventRounds "7"]
[EventCountry "POR"]
[SourceTitle "CBM 180 Extra"]
[Source "ChessBase"]
[SourceDate "2017.10.06"]
[SourceVersion "1"]
[SourceVersionDate "2017.10.06"]
[SourceQuality "1"]

1. e4 e5 2. Nf3 Nc6 3. Bc4 Nf6 4. Nc3 Bc5 5. 0-0 d6 6. h3 h6 7. d3 Be6 8. Bxe6 fxe6 9. Ne2 Qd7 10. c3 g5 11. b4 Bb6 12. a4 g4 13. hxg4 a6 14. Nh2 Rg8 15. Ng3 h5 16. g5 Qf7 17. Nf3 Nh7 18. d4 h4 19. Nxh4 Nxg5 20. Qh5 exd4 21. b5 axb5 22. Bxg5 Qxh5 23. Nxh5 Rxg5 24. axb5 Rxa1 25. Rxa1 Rxh5 26. bxc6 bxc6 27. Nf3 dxc3 28. Ra3 Rc5 29. Ra1 e5 30. Rc1 Rc4 31. Kf1 Ba5 32. Ng5 Rb4 33. f3 Rb2 34. Nh3 Rd2 35. Nf2 c2 0-1

[Event "Benidorm op U2000 14th"]
[Site "Benidorm"]
[Date "2015.12.05"]
[Round "8"]
[White "Constantino, Gudlack"]
[Black "Buenafe Moya, Jesus"]
[Result "1-0"]
[WhiteElo "1994"]
[BlackElo "1821"]
[PlyCount "85"]
[EventDate "2015.11.28"]
[EventType "swiss"]
[EventRounds "10"]
[EventCountry "ESP"]
[SourceTitle "CBM 169 Extra"]
[Source "ChessBase"]
[SourceDate "2015.12.18"]
[SourceVersion "1"]
[SourceVersionDate "2015.12.18"]
[SourceQuality "1"]

1. e4 g6 2. d4 Bg7 3. Nf3 Nf6 4. e5 Ne4 5. Bd3 d5 6. exd6 Nxd6 7. 0-0 0-0 8. Nbd2 Bf5 9. Nb3 Nc6 10. d5 Bxd3 11. Qxd3 Nb4 12. Qd2 a5 13. c3 a4 14. Nc5 Na6 15. Nxa6 Rxa6 16. Qd3 Nf5 17. Rd1 c6 18. g4 Nh6 19. Qc4 b5 20. Qe4 cxd5 21. Rxd5 Rd6 22. Rxb5 Qd7 23. Rb4 a3 24. Bxh6 Bxh6 25. bxa3 Bg7 26. Rc1 Rd1+ 27. Rxd1 Qxd1+ 28. Kg2 Bxc3 29. Rb7 Qd6 30. a4 e6 31. Qc4 Qd5 32. Rc7 Bf6 33. Rc5 Qb7 34. a5 Ra8 35. Rb5 Qd7 36. a6 Kg7 37. Rb7 Qd5 38. Qc7 e5 39. g5 Bxg5 40. a7 Bd8 41. Qxe5+ Qxe5 42. Nxe5 Kf6 43. Nc6 1-0